000 00892nam a2200277 i 4500
001 bg
003 BPK
005 20200428101155.0
008 070608s1972 pl a f f |000 0 pol
015 _aPB 1972/3162
040 _aWA N
_cBPK
080 _a624.012.4
080 _a624.04
080 _a(075.8)
100 1 _aGrabiec, Kalikst
_d(1920-2002)
_eAutor
245 1 0 _aWymiarowanie przekrojów żelbetonowych i betonowych :
_bprzykłady obliczeń /
_cKalikst Grabiec.
250 _aWyd. 6 popr.
260 _aŁódź :
_bPaństwowe Wydawnictwo Naukowe,
_c1972.
300 _a479 s. :
_bil. ;
_c23 cm.
504 _aBibliogr.
655 4 _aPodręczniki akademickie
650 4 _aKonstrukcje betonowe
650 4 _aKonstrukcje żelbetowe
942 _2UKD
_cKS
856 _uhttp://koha.tu.koszalin.pl/cgi-bin/koha/opac-detail.pl?biblionumber=7457
_yKatalog online BPK
999 _c7457
_d7457